000
00299nam a22001337a 4500
008
171010b xxu||||| |||| 00| 0 eng d
020
_a
9780205428465
041
_a
eng
080
_2
3 ED
_a
316
100
_a
50
101
_a
SOC
245
_a
HANDS ON SOCIOLOGY
_c
FEIGELMAN.W
942
_2
udc
_c
BK
999
_c
32929
_d
32929